Movies Quiz

Random Movies or Director Quiz

Click Me Five: Movies Quiz Stats

 Plays Quiz Updated Mar 18, 2014

Support Sporcle.
Go Orange.
Score 0/35 Timer 08:00
1 Play Today
% Correct
Field of Dreams
96.1%
Who Framed Roger Rabbit
91.2%
Bad News Bears
88.4%
Bull Durham
85%
The Natural
82.6%
Beverly Hills Cop
80.7%
Pete's Dragon
78.7%
Coal Miner's Daughter
78.4%
Wayne's World
78.4%
To Kill a Mockingbird
75.5%
Bedknobs and Broomsticks
75.1%
Duck Soup
73.1%
Capote
72.7%
Animal Crackers
69.3%
Moonstruck
69.3%
Fletch
68.7%
Click
66.9%
Cabaret
66.7%
% Correct
Patton
66.4%
Monkey Business
65.7%
Enchanted
65%
Horse Feathers
64%
The Birth of a Nation
63.8%
Meatballs
62.8%
Steamboat Bill, Jr.
62.1%
My Left Foot
61.8%
The Piano
61.4%
The Cocoanuts
60.5%
The African Queen
58.5%
The Gold Rush
58.3%
Children of a Lesser God
56.7%
Metropolis
52.4%
The Incredible Mr. Limpet
49.6%
Bang the Drum Slowly
43.8%
Greed
24.9%

From the Vault

North and South America by Any 3 Letters

by Spacemaniac

This is one time when typing 'USA' won't get you anything.
Remove Ads.
Support Sporcle.
Get the best of Sporcle when you Go Orange. This ad-free experience offers more features, more stats, and more fun while also helping to support Sporcle. Thank you for becoming a member.

Show Comments

Extras

Top Quizzes Today


Score Distribution

Your Account Isn't Verified!

In order to create a playlist on Sporcle, you need to verify the email address you used during registration. Go to your Sporcle Settings to finish the process.

Report this User

Report this user for behavior that violates our Community Guidelines.

Details: